• 首页
  • 本馆介绍
  • 公告通知
  • 最新文献
  • 馆藏检索
  • 电子资源
  • 读者导购
  • 参考咨询
  • 我的图书馆
  • 登录
  • 详细信息显示
  • 放入我的书架
  • 预约/预借图书
  • 作者相关作品
  • 分类相关作品
  • 丛书相关作品
  • 出版社相关作品

书目信息

  • 表格格式
  • 工作单格式
  • 卡片格式
题名:
青少年智力心理与健康
    
 
作者: 李恩 , 陶静华 主编
分册:  
出版信息: 石家庄   河北教育出版社  1989.2
页数: 797页
开本: 20cm
丛书名:
单 册:
中图分类: R161.5 , R17
科图分类:
主题词: 青少年-生理卫生 , 生理卫生-青少年 , 青少年-心理卫生 , 心理卫生-青少年 , 妇幼卫生
电子资源:
ISBN: 7-5434-0219-X
000 00912nam0 2200289 450
001 1537628645
005 20150131102733.81
010    @a7-5434-0219-X@dCNY7.90
100    @a20130329d1989 m y0chiy0110 ea
101 0  @achi
102    @aCN@b130000
105    @af z 000yy
200 1  @a青少年智力心理与健康@9qing shao nian zhi li xin li yu jian kang@f李 恩,陶静华主编
210    @a石家庄@c河北教育出版社@d1989.2
215    @a797页@d20cm
330    @a本书共分七章,主要介绍了青少年生长发育过程中的解剖生理特点,营养、发育和健康、体育卫生、心理卫生和常见病的防治等。
606 0  @a青少年-生理卫生
606 0  @a生理卫生-青少年
606 0  @a青少年-心理卫生
606 0  @a心理卫生-青少年
606 0  @a妇幼卫生
690    @aR161.5@v1980
690    @aR17@v4
701  0 @a李恩@9li en@f(1929.12~)@4主编
701  0 @a陶静华@9tao jing hua@4主编
801  0 @aCN@bTSSF@c20150131
905    @aZUCC@dR17@eJY75
    
    青少年智力心理与健康/李 恩,陶静华主编.-石家庄:河北教育出版社,1989.2
    797页;20cm
    
    
    ISBN 7-5434-0219-X:CNY7.90
    本书共分七章,主要介绍了青少年生长发育过程中的解剖生理特点,营养、发育和健康、体育卫生、心理卫生和常见病的防治等。
●
相关链接 在E读中查询图书 在五车中查询图书 在当当中查询图书 在豆瓣中查询图书


正题名:青少年智力心理与健康     索取号:R17/JY75         预约/预借

序号 登录号 条形码 馆藏地/架位号 状态 备注
1 7862564   278625640   学院路分馆/ [索取号:R17/JY75] 在馆    
唐山师范学院图书馆 欢迎您!
大连网信软件有限公司© 版权所有